00625cam a22001577a 4500008004000000082001900040100006600059245009300125260004300218300000900261500002600270700003300296700002800329999001900357952009100376180718b1966 xxu||||| |||| 00| 0 eng d aB813x5433 In2p aIndia. Parliamentary Committee on the Demand for Punjabi Suba aParliamentary Committee on the Demand for Punjabi Suba: Reportcby Lok Sabha Secretariat aNew DelhibLok Sabha Secretariatc1966 a90p. aChairman: Hukam Singh aIndia. Lok Sabha Secretariat aSingh, Hukam (Chairman) c488860d488860 00104070aIIPAbIIPAd2018-08-04oB813x5433 In2ppGG4580r2018-08-04w2018-08-04yGG